| 000 | 00708nam a22002177a 4500 | ||
|---|---|---|---|
| 003 | OSt | ||
| 005 | 20140310184527.0 | ||
| 008 | 131024t xxu||||| |||| 00| 0 eng d | ||
| 020 | _a0545119596 | ||
| 020 | _a9780545119597 | ||
| 050 |
_aAG 243 _b.W947 2009 |
||
| 100 |
_aWright, John D. _922114 |
||
| 245 |
_aCryptids and other creepy creatures : _bthe world of unsolved mysteries / _cJohn D. Wright. |
||
| 260 |
_aNew York : _bSchoalstic., _c2009. |
||
| 300 |
_a96 p. : _bcol. ill. ; _c22 cm. |
||
| 521 | _aG12 | ||
| 526 | _c1200 | ||
| 650 |
_aCuriosities and wonders _xJuvenile literature Monsters _xJuvenile literature Ghosts _xJuvenile literature _930368 |
||
| 942 |
_2lcc _cBK-SCHOLAS |
||
| 999 |
_c35159 _d35159 |
||